000
00371nam a22001577a 4500
003
MPLRDC
005
20220104114148.0
008
210129b ||||| |||| 00| 0 eng d
082
_a
831.4 WC
100
_a
蔚成选译
245
_a
中国诗词选译
_c
260
_a
_b
香港侨光书店
_c
1962
300
_b
平
650
_a
中国诗总集
942
_c
BK
_o
831.4 WC
999
_c
5304
_d
5294